000 00783nam a2200253Ia 4500
003 OSt
005 20220923211154.0
006 a|||||r|||| 00| 0
007 ta
008 Pun
020 _a8187654716 (hbk)
_c160
024 _a242,774
037 _b165, 24/10/2009, H.K. Prakashan
_cTextual
040 _aARTS
_cARTS
_bPun
041 _2Pun
_aPun
082 _aO153,6x, P3
100 _aਮਨਮੋਹਨ
_9159126
245 0 _aਵਿਚਾਰ ਚਿੰਤਨ ਤੇ ਵਿਹਾਰ
260 _aਦਿੱਲੀ
_b ਮਨਪ੍ਰੀਤ ਪ੍ਰਕਾFਨ
_c2003
300 _a144ਪੰ
_ccm.
650 _aਪੰਜਾਬੀ ਸਾਹਿਤ
942 _hO153,6x, P3
_cTEXL
_2CC
999 _c296321
_d296321